000 01013nam a2200289Ia 4500
003 OSt
005 20221007123352.0
006 a|||||r|||| 00| 0
007 ta
008 221006b |||||||| |||| 00| 0 eng d
020 _a0486414604 (pbk)
_c
_ 6.95
024 _a9996
037 _bStandard,
_cTextual
040 _aPAPL
_cPAPL
_beng
041 _2eng
_aeng
082 _aCN2, L3
100 _aPauli Wolfgang
245 0 _aStatistical mechanics by Wolfgang Pauli
260 _aNew
_bYork Dover Pub. Inc.
_c1973
300 _ax, 121p
_ccm.
490 _aPauli lectures on physics; 4
500 _aBibliography 109-110p; Appendix 111-116p; Index 117-121p; ^n23/CSL/CARPA/2002-03/439^d2002-10-30^mPurchase; ; 2002-03/533^b2002-12-16^cSBA/6706^d2002-12-09^eRs.3,467.00^fStandard Book Agency; ; 2003-01-24^bSB^c2003-09-03^dS C Jindal
650 _a Statistical Mechanics
650 _aPhysics
942 _hCN2, L3
_cTEXL
_2CC
999 _c1211770
_d1211770